000 00764nam a2200217 a 4500
999 _c1761
_d1761
001 1761
003 BD-JhCC
005 20171024095713.0
008 171024s1980 bg |||| ||a| 000 0 ben d
035 _a(BD-JhCC) 1761
040 _aBD-JhCC
_dBD-JhCC
041 _aben
082 _a709.5492
_bMAH 1980
100 _aমাহফুজউল্লাহ, মোহাম্মদ
245 _aবুদ্ধির মুক্তি ও রেনেসাঁ আন্দোলন /
_c মোহাম্মদ মাহফুজউল্লাহ,
260 _aঢাকা :
_bইসলামিক ফাউন্ডেশন বাংলাদেশ ,
_c1980
300 _a208 p .:
_c22 cm .
650 _aBiography
942 _2ddc
_cBK